Visualizzazione normale
Vista MARC
- Altomare Tino Manlio
di Personal Name
Records bibliografici associati: 1
001 - CONTROL NUMBER
- control field: 53265
003 - CONTROL NUMBER IDENTIFIER
- control field: IT-RoPau
005 - DATE AND TIME OF LATEST TRANSACTION
- control field: 20151203102638.0
008 - FIXED-LENGTH DATA ELEMENTS
- fixed length control field: 151203|| aca||aabn | a|a d
040 ## - CATALOGING SOURCE
- Original cataloging agency: IT-RoPau
- Transcribing agency: IT-RoPau
100 ## - HEADING--PERSONAL NAME
- Personal name: Altomare Tino Manlio
- Miscellaneous information: Codice regista SPICS: 56331
670 ## - SOURCE DATA FOUND
- Source citation: Work cat.: (IT-RoPau)107708: Altomare Tino Manlio Codice regista SPICS: 56331, PADRE PIO UN UOMO DEL MONDO PADRE PIO UN UOMO DEL MONDO (Rif. Codice opera principale : H0310)